| 000 | 00000nam##2200000za#4500 |
| 001 | 9.646877 |
| 003 | CaOODSP |
| 005 | 20250319164515 |
| 007 | ta |
| 008 | 150407|1998||||xxc||||| f|0| 0 eng|d |
| 020 | |a0-662-26643-9 |
| 040 | |aCaOODSP|beng |
| 043 | |an-cn--- |
| 086 | 1 |aH88-3/22-1998E |
| 110 | 1 |aCanada.|bDivision of Aging and Seniors. |
| 245 | 10|aMedication matters : |bhow you can help seniors use medication safely |
| 260 | |aOttawa - Ontario : |bHealth Canada. |c1998. |
| 500 | |aContents: Introduction and overview: How to use this kit; Clear verbal communication; Plain language health information.--Information sheets.--Plain language medication information for seniors. |
| 563 | |aKit |
| 590 | |a99-36|b1999-09-10 |
| 690 | 07|aSeniors|2gcpds |
| 690 | 07|aDrugs|2gcpds |
| 690 | 07|aSafety|2gcpds |
| 775 | 08|tLes médicaments, parlons-en : |w(CaOODSP)9.680378 |
| 776 | 0#|t[Medication matters] |w(CaOODSP)9.695567 |